000 00642cab a2200205 4500
001 ABS54633
008 090401t1996 xxu||||| |||| 00| 0 eng d
035 _a(Sirsi) u11437
041 _aeng
100 _aFrancis, P.
245 _aExpert evidence
260 _c1996
350 _a0
490 _aProperty Review
_v6(2) March 1996, 49-53(5)
520 _aExamines the role of an expert witness commenting on duties and professional skills required.
650 _aEXPERT WITNESSES
690 _aMANAGEMENT-DISPUTE AVOIDANCE, MANAGEMENT AND RESOLUTION-DISPUTE MANAGEMENT AND RESOLUTION-ARBITRATION
942 _n0
948 _c04/03/1997
999 _c7291
_d7291